[Event "TUR-chT 1st League"]
[Site "Konya"]
[Date "2017.07.17"]
[Round "1.10"]
[White "Ozbek, Busra"]
[Black "Soydan, Busra"]
[Result "1-0"]
[WhiteElo "1796"]
[BlackElo "1755"]
[PlyCount "97"]
[EventDate "2017.07.17"]
[EventType "team-swiss"]
[EventRounds "9"]
[EventCountry "TUR"]
[SourceTitle "CBM 179 Extra"]
[Source "ChessBase"]
[SourceDate "2017.08.23"]
[SourceVersion "1"]
[SourceVersionDate "2017.08.23"]
[SourceQuality "1"]
[WhiteTeam "Karman Masterler"]
[BlackTeam "Yalova Belediye"]
[WhiteTeamCountry "TUR"]
[BlackTeamCountry "TUR"]

1. d4 Nf6 2. Nf3 g6 3. Bg5 Ne4 4. Bf4 d5 5. e3 Bg7 6. Bd3 c5 7. h3 0-0 8. 0-0 Nc6 9. c3 Qb6 10. Qc2 Nd6 11. dxc5 Qxc5 12. Nbd2 e5 13. Bh2 a5 14. e4 dxe4 15. Nxe4 Nxe4 16. Bxe4 Re8 17. Rfe1 f6 18. h4 Be6 19. h5 f5 20. Bxc6 bxc6 21. Bxe5 Bd5 22. Bxg7 Kxg7 23. Nd4 Rad8 24. Rad1 Qf8 25. c4 Bf7 26. Qc3 Kg8 27. Nxc6 Rxd1 28. Rxd1 Qc5 29. Nxa5 Re2 30. Rd8+ Be8 31. Rd4 Qe7 32. b4 Re1+ 33. Kh2 Qe2 34. Qf3 Qxa2 35. hxg6 hxg6 36. Qd5+ Bf7 37. Qd8+ Kg7 38. Rh4 Bg8 39. Qc7+ Bf7 40. Qd8 Bg8 41. Qd4+ Kf7 42. Nc6 Qe2 43. Rh8 Qe8 44. b5 Re4 45. Qd5+ Kf6 46. Rxg8 Rh4+ 47. Kg3 Rg4+ 48. Kh3 Qe1 49. Qd8+ 1-0